00331nam a2200109Ia 4500008004100000041000800041082001700049100001400066245008300080260004200163700001600205230627s9999 xx 000 0 und d aeng a344.046bJAS aJaswal P  aEnvironmental Law: Environment Protection, Sustainable Development And The Law aFaridabadbAllahabad Law Agencyc1999 a Jaswal N.,